Music Quiz

Random Music or Song Quiz

Songs by First Line Quiz Stats

Quiz Updated Sep 10, 2015

Challenge
Share
Tweet
Embed
Score 0/25 Timer 06:00
1 Play Today
% Correct
Bohemian Rhapsody [Queen]
95.9%
Don't Stop Believin' [Journey]
91.2%
Dancing Queen [ABBA]
88.3%
Total Eclipse of the Heart [Bonnie Tyler]
87.1%
Proud Mary [Creedence Clearwater Revival]
75.6%
I Want to Hold Your Hand [The Beatles]
67.2%
Africa [Toto]
59.7%
Like a Virgin [Madonna]
59.3%
Landslide [Fleetwood Mac]
58.8%
Man in the Mirror [Michael Jackson]
57.9%
I Will Always Love You [Dolly Parton]
56.4%
Mr. Brightside [The Killers]
56.3%
The Boxer [Simon and Garfunkel]
56%
% Correct
Viva La Vida [Coldplay]
54.4%
She's Not There [The Zombies]
49.3%
One [U2]
41.9%
Loser [Beck]
39.4%
Otherside [Red Hot Chili Peppers]
38.5%
Gimme Shelter [The Rolling Stones]
36.3%
Banana Pancakes [Jack Johnson]
22%
Paranoid Android [Radiohead]
21.7%
Supermassive Black Hole [Muse]
15%
Reptilia [The Strokes]
13%
Walk [Foo Fighters]
10.9%
Flume [Bon Iver]
10.3%

You're not logged in!

Compare scores with friends on all Sporcle quizzes.
Join for Free
OR
Log In

You Might Also Like...

Show Comments

Extras

Top Quizzes Today


Score Distribution

Your Account Isn't Verified!

In order to create a playlist on Sporcle, you need to verify the email address you used during registration. Go to your Sporcle Settings to finish the process.

Report this User

Report this user for behavior that violates our Community Guidelines.

Details: